Megacities - World Map Sudden Death - Statistics

General Stats
  • This quiz has been taken 147,215 times
  • The average score is 10 of 18
Answers on the Grid
Answers color-coded by a green-red scale on the quiz's grid according to % correct below.
 
Answer Stats
Answer % Correct
New York City
86%
Tokyo, Shanghai, Beijing, + more...
81%
Los Angeles
79%
Paris, Istanbul
79%
Bangkok, Mumbai, Dhaka, + more...
75%
Delhi, Lahore
70%
São Paulo, Rio de Janeiro
66%
Cairo, Tehran, Karachi
64%
London
55%
Lagos
55%
Mexico City
51%
Guangzhou, Manila
49%
Lima
48%
Moscow
44%
Bogotá
38%
Buenos Aires
36%
Kinshasa, Johannesburg
32%
Jakarta
21%
No matching quizzes found
Score Distribution
Percent of People with Each Score
Percentile by Number Answered
Your Score History
You have not taken this quiz